000
00294nam a22001337a 4500
020
_a
333 11720 4
041
_a
ENG
100
_a
Dake.J.M.K
245
_a
Essentials of Engineering Hydraulics
260
_a
Chana
_b
Macmillan
_c
1972
300
_a
392
650
_a
IDE ( 05 )
856
_u
IDE ( 05 )
999
_c
2802
_d
2802